000 03781njm a2200589Ia 4500
001 24687
003 IT-RoPAU
005 20220918181119.0
008 131025s9999 xx 000 0 und d
040 _aIT-RoPAU
040 _cIT-RoPAU
041 _aITALIANO
999 _c99674
_d99674
999 _bn.d.
100 _aAA.VV.
_9794
100 _eAutore musica
_911687
100 _gCodice autore musica SPICS: 12000
_9796
245 _aClaudio Villa-Nozze d'argento vol. 3-25 anni di successi
250 _a1a ed.
260 _aITALIA
260 _bVIS RADIO
_c1975 [1a Ed.:1975]
300 _aDISCO
300 _c41 minuti (Testo: pag.)
500 _a25 anni di successi della canzone italiana
505 _aValzer dell'allegria (3:00) - Albero caduto (4:00) - Letterine del soldato (4:00) - Madonna amore (4:00) - Il torrente (4:00) - Amami se vuoi (4:00) - Aprite le finestre (4:00) - Via maestra (4:00) - La colpa fu (4:00) - Mondina (4:00) - Due teste sul cuscino (4:00) - Vola colomba (4:00)
650 _aCANZONE ITALIAN [DISCHI]
_eCodice MATERIA SPICS: 9950
_911688
700 _aVilla Claudio
_gCodice interprete SPICS: 1155
_eInterprete
_911689
700 _aSarra
_gCodice autore musica SPICS: 13447
_eAutore musica
_pValzer dell'allegria - Madonna amore
_911690
700 _aMari Astro
_gCodice autore SPICS: 13565
_eAutore
_pValzer dell'allegria - Madonna amore
_911691
700 _aDelle Grotte
_gCodice autore testo/musica SPICS: 15771
_eAutore testo/musica
_pValzer dell'allegria
_911692
700 _aRuccione Mario
_gCodice autore musica SPICS: 13479
_eAutore musica
_pAlbero caduto
_911693
700 _aFiorelli Giuseppe
_gCodice autore testo/musica SPICS: 13362
_eAutore testo/musica
_pAlbero caduto
_911694
700 _aNibert
_gCodice autore musica SPICS: 27528
_eAutore musica
_pLetterine del soldato
_911695
700 _aMartelli G.Bruno
_gCodice autore SPICS: 14244
_eAutore
_pLetterine del soldato
_911696
700 _aCastellani A.
_gCodice autore testo/musica SPICS: 19180
_eAutore testo/musica
_pLetterine del soldato
_911697
700 _aCiervo
_gCodice autore testo/musica SPICS: 27529
_eAutore musica
_pMadonna amore
_911698
700 _aCarmi
_gCodice autore musica SPICS: 15776
_eAutore musica
_pIl torrente
_911699
700 _aLiman
_gCodice autore testo/musica SPICS: 15777
_eAutore testo/musica
_pIl torrente
_911700
700 _aPanzeri Mario
_gCodice autore musica SPICS: 13372
_eAutore musica
_pAmami se vuoi
_911701
700 _aMascheroni Vittorio
_gCodice autore testo/musica SPICS: 13134
_eAutore testo/musica
_pAmami se vuoi
_911702
700 _aPinchi (Pinci) (Perotti Pino)
_gCodice autore musica SPICS: 13615
_eAutore musica
_pAprite le finestre
_911703
700 _aPanzuti Virgilio
_gCodice autore testo/musica SPICS: 13599
_eAutore testo/musica
_pAprite le finestre
_911704
700 _aCioffi Giuseppe
_gCodice autore musica SPICS: 13578
_eAutore musica
_pVia maestra
_911705
700 _aBonagura Enzo
_gCodice autore testo/musica SPICS: 13478
_eAutore testo/musica
_pVia maestra
_911706
700 _aGippi
_gCodice autore musica SPICS: 27530
_eAutore musica
_pLa colpa fu
_911707
700 _aBeretta Luciano
_gCodice autore SPICS: 13864
_eAutore
_pLa colpa fu
_911708
700 _aSciorilli Eros
_gCodice autore testo/musica SPICS: 13521
_eAutore musica
_pLa colpa fu
_911709
700 _aCherubini Bixio
_gCodice autore musica SPICS: 13442
_eAutore musica
_pMondina - Vola colomba
_911710
700 _aConcina Carlo
_gCodice autore musica SPICS: 13632
_eAutore musica
_pMondina - Vola colomba
_911711
700 _aTestoni Giancarlo
_gCodice autore musica SPICS: 13524
_eAutore musica
_pDue teste sul cuscino
_911712
700 _aRendine Furio
_gCodice autore testo/musica SPICS: 13629
_eAutore testo/musica
_pDue teste sul cuscino
_911713
942 _cMD
_2ddc